|
|
|
|
| LEADER |
00000nam a2200000 a 4500 |
| 001 |
vtls010548889 |
| 003 |
SK-MaSNL |
| 005 |
20260302013019.0 |
| 008 |
240314s2013 xo a c 001 0 slo |
| 015 |
|
|
|a SNBA2013/10
|
| 020 |
|
|
|a 9788071310679
|q (viaz.)
|
| 035 |
|
|
|a C469A96E-16C8-47DE-A458-9D63AAF04F1A
|
| 035 |
|
|
|a urn:nbn:sk:snk-amlbwf
|
| 035 |
|
|
|a urn:nbn:sk:snk-am0092g6
|
| 040 |
|
|
|a SNK
|b slo
|c SNK
|e AACR2
|
| 041 |
1 |
|
|a slo
|h eng
|
| 044 |
|
|
|a xo
|c SK
|
| 072 |
|
7 |
|a 2-23/-27
|x Biblia. Biblistika
|2 konspekt
|
| 072 |
|
7 |
|a 0/9-053.2
|x Literatúra pre deti a mládež (náučná)
|2 konspekt
|
| 080 |
|
|
|a 2-236.5
|2 2001
|
| 080 |
|
|
|a 27-236.5
|2 2001
|
| 080 |
|
|
|a (0.053.2)
|2 2001
|
| 100 |
1 |
|
|a McDowell, Dottie
|4 aut
|9 655758
|
| 240 |
1 |
4 |
|a The Right Choices Bible
|l Slovensky
|
| 245 |
1 |
0 |
|a Biblia správnych rozhodnutí
|c Dottie a Josh McDowell ; ilustroval Joe Boddy ; [slovenský preklad: Dáša Hanesová]
|
| 260 |
|
|
|a Bratislava
|b Creativpress
|c 2013
|
| 300 |
|
|
|a 367 s.
|b fareb. ilustr.
|c 22 cm
|
| 504 |
|
|
|a Reg.
|
| 650 |
0 |
7 |
|a biblické príbehy
|2 SNKPH
|9 1916
|
| 650 |
0 |
7 |
|a Bible stories
|2 SNKPHeng
|9 276268
|
| 655 |
|
7 |
|a publikácie pre deti
|2 SNKPH
|9 70148
|
| 655 |
|
7 |
|a Children's literature
|2 SNKPHeng
|9 276039
|
| 700 |
1 |
|
|a McDowell, Josh,
|d 1939-
|4 aut
|9 240160
|
| 700 |
1 |
|
|a Boddy, Joe
|4 ill
|9 655759
|
| 700 |
1 |
|
|a Hanesová, Dáša
|4 trl
|9 655760
|
| 919 |
|
|
|a 978-80-7131-067-9
|
| 958 |
|
|
|a NT
|
| 958 |
|
|
|a DB
|
| 958 |
|
|
|a OP
|
| 968 |
|
|
|b ENG
|
| 999 |
|
|
|c 1011446
|d 1013376
|
| 952 |
|
|
|a SNK
|b SNK
|y VYP
|7 0
|p 17A1083727
|o snkSC 156332 D1
|i snk2013/24099
|8 0
|0 0
|1 0
|4 0
|d 2013-10-08
|l 0
|r 2026-02-24 12:55:25
|w 2026-02-24
|
| 952 |
|
|
|a SNK
|b SNK
|y PREZ
|7 0
|p 17A1083728
|o snkSC 156332
|i snk2013/24098
|8 0
|0 0
|1 0
|4 0
|d 2013-10-08
|f 1
|l 0
|r 2025-08-18 00:00:00
|w 2026-02-24
|